| 000 | 01052nam a2200301 i 4500 | ||
|---|---|---|---|
| 001 | 195927 | ||
| 003 | ES-MaACL | ||
| 005 | 20250326063216.0 | ||
| 008 | 240802s2023 sp ||||| |||| 00| 0 spa d | ||
| 017 | _aGC 24-2023 | ||
| 020 | _a9788413531144 | ||
| 040 | _cES-MaACL | ||
| 100 |
_aOjeda, Pino, _d1916-2002 _9237701 |
||
| 245 |
_aNiebla de sueño : _bpoesía / _cPino Ojeda. |
||
| 250 | _aPrimera edición: 2023 | ||
| 260 |
_aGran Canaria : _bCabildo de Gran Canaria, _c2023. |
||
| 300 |
_a145 pág. ; _c19 cm |
||
| 336 |
_2rdacontent _aTexto |
||
| 337 |
_2rdamedia _asin mediación |
||
| 338 |
_2rdacarrier _avolumen |
||
| 655 | 7 |
_2tgfbne _9176539 _aPoesías |
|
| 852 |
_aES-MaACL _cDEPOJ _jN-9047 _hDonación: Funación Pino Ojeda _xEncuadernación: Rústica con solapas _9204889 |
||
| 914 |
_9239885 _aFundación Pino Ojeda _ednr |
||
| 942 |
_cMONOGRAFIA _n0 |
||
| 954 | _iTatiana Alejandra de Castro Pérez | ||
| 999 |
_c195927 _d195927 |
||